000
00318nam a22001457a 4500
003
SGT
020
_a
978-1-1383-6764-7
082
_a
615.1
_b
N18C
100
_a
CHIEN, YIE.W.
245
_a
NOVEL DRUG DELIVERY SYSTEMS
260
_a
NEW YORK
_b
CRC PRESS
_c
2018
300
_a
797
650
_a
PHARMACY
942
_2
ddc
_c
BK
999
_c
16090
_d
16090